'T' 'U' 'R' 'K' 'E' 'Y'-less States Quiz Stats

 Plays Quiz not verified by Sporcle

Challenge
Share
Tweet
Score 0/10 Timer 02:00
0 Plays Today
States % Correct
Ohio
81.2%
Iowa
78%
Hawaii
75.5%
Alabama
73%
Idaho
71.1%
Illinois
67.6%
Mississippi
65.5%
Michigan
64.4%
Indiana
64%
Wisconsin
58.4%

You're not logged in!

Compare scores with friends on all Sporcle quizzes.
Join for Free
OR
Log In

You Might Also Like...

Show Comments

Extras

Top Quizzes Today


Score Distribution

Your Account Isn't Verified!

In order to create a playlist on Sporcle, you need to verify the email address you used during registration. Go to your Sporcle Settings to finish the process.

Report this User

Report this user for behavior that violates our Community Guidelines.

Details: